| 000 | 01339nam a2200397 i 4500 | ||
|---|---|---|---|
| 001 | 30135 | ||
| 003 | KOSZ 005 | ||
| 005 | 20220325124026.0 | ||
| 008 | 961010s1993 pl f |000 0 pol d | ||
| 040 |
_cKOSZ 005 _aKOSZ 005 _dKOSZ 005/HR |
||
| 041 | _apol | ||
| 046 | _k1993 | ||
| 080 | _a624 | ||
| 080 | _a625 | ||
| 080 | _a628.3 | ||
| 245 | 0 |
_aBudownictwo i inżynieria środowiska / _c[red. zesz. Jerzy M. Grycz, Anna Studzińska]. |
|
| 260 |
_aLublin : _bWydawnictwa Uczelniane PL, _c1993. |
||
| 300 |
_a155 s., [1] tabl. : _bmapa, rys., wykr. ; _c24 cm. |
||
| 380 | _aKsiążki | ||
| 388 | _a1901-2000 | ||
| 388 | _a1989-2000 | ||
| 490 | 1 |
_aPrace Naukowe Politechniki Lubelskiej. Budownictwo, _x0860-8636 ; _v37 |
|
| 500 | _aNumeracja ser. gł. : 211. | ||
| 504 | _aBibliogr. przy ref. | ||
| 650 | 9 | _aKonstrukcje budowlane | |
| 650 | 9 | _aOczyszczalnia ścieków | |
| 650 | 9 | _aŚcieki | |
| 650 | 9 | _aDrogi | |
| 658 | _aInżynieria i technika | ||
| 658 | _aArchitektura i budownictwo | ||
| 700 | 1 |
_aGrycz, Jerzy _eRedakcja |
|
| 700 | 1 |
_aStudzińska, Anna _eRedakcja |
|
| 830 | 0 |
_aPrace Naukowe Politechniki Lubelskiej. _pBudownictwo _v37 |
|
| 856 |
_uhttp://koha.tu.koszalin.pl/cgi-bin/koha/opac-detail.pl?biblionumber=30135 _yKatalog online BPK |
||
| 942 |
_cKS _2UKD |
||
| 999 |
_c30135 _d30135 |
||